000 00655cab a2200229 4500
001 ABS59809
008 090401t1998 xxu||||| |||| 00| 0 eng d
035 _a(Sirsi) u90193
041 _aeng
100 _aWhitehead, C.
245 _aElementary case for better housing
260 _c1998
350 _a0
490 _aHousing Today
_v112 3 December 1998, 18(1)
520 _aReview of the Shelter report "The benefits of better homes" setting out the case for public investment in housing.
650 _aECONOMICS
650 _aINVESTMENT
650 _aSOCIAL HOUSING
690 _aHOUSING-DEVELOPMENT
942 _n0
948 _c08/12/1998
999 _c57145
_d57145